Roberto Bolaño Bibliography - Statistics

General Stats
  • This quiz has been taken 9 times
  • The average score is 19 of 148
Answer Stats
Type Year Name % Correct
Novel 2004 2666
88%
Short Story Collection 2017 Cowboy Graves
63%
Short Story 2017 Cowboy Graves
63%
Novel 1996 Nazi Literature in the Americas
63%
Novella 2002 Antwerp
50%
Novel 2000 By Night in Chile
50%
Novel 2010 The Third Reich
50%
Novel 1999 Amulet
38%
Novel 1996 Distant Star
38%
Poem 1994 The Detectives
38%
Short Story 2001 The Return
38%
Short Story Collection 2010 The Return
38%
Novel 1993 The Skating Rink
38%
Novel 2018 The Spirit of Science Fiction
38%
Short Story 1997 Detectives
25%
Short Story Collection 1997 Last Evenings on Earth
25%
Short Story 2001 Last Evenings on Earth
25%
Novella 1994 Monsieur Pain
25%
Short Story Collection 2003 The Insufferable Gaucho
25%
Short Story 2003 The Insufferable Gaucho
25%
Poetry Collection 1994 The Romantic Dogs
25%
Poem 1994 The Romantic Dogs
25%
Short Story Collection 2007 The Secret of Evil
25%
Short Story 2007 The Secret of Evil
25%
Poetry Collection 2000 Tres
25%
Novel 2011 Woes of the True Policeman
25%
Collaborative Novel 1984 Advice from a Morrison Disciple to a Joyce Fanatic
13%
Short Story 1997 A Literary Adventure
13%
Novel 2002 A Little Lumpen Novelita
13%
Short Story 1997 Anne Moore's Life
13%
Short Story 1997 Another Russian Tale
13%
Poem 2000 A Stroll Through Literature
13%
Short Story 2007 Beach
13%
Writings Collection 2004 Between Parentheses
13%
Interview Collection 2011 Bolaño by Himself
13%
Short Story 2001 Buba
13%
Short Story 1997 Cell Mates
13%
Poem 2007 Chinese Poet in Barcelona
13%
Short Story 1997 Clara
13%
Short Story 2007 Daniela
13%
Poem 1994 Day Bleeding Rain
13%
Poem 2007 Daybreak
13%
Short Story 2007 Death of Ulises
13%
Short Story 2001 Dentist
13%
Poem 2007 Dickensian Children
13%
Poem 1994 Dino Campana Revises His Biography in Castel Pulci Psychiatric Hospital
13%
Novel TBA Diorama
13%
Short Story 1997 Enrique Martín
13%
Poem 1994 Fragments
13%
Poem 1994 Godzilla in Mexico
13%
Poem 1994 Half-Baked
13%
Short Story 1997 Henri Simon Leprince
13%
Poem 1994 I'll Try to Forget
13%
Short Story 1997 Joanna Silvestri
13%
Short Story 2007 Labyrinth
13%
Interview 1999 Literature Is Not Made from Words Alone
13%
Poem 1994 Lupe
13%
Short Story 2001 Meeting with Enrique Lihn
13%
Short Story 2016 Mexican Manifesto
13%
Short Story 2001 Murdering Whores
13%
Poem 1994 Muse
13%
Poem 2007 My Castles
13%
Poem 1994 On the Edge of the Cliff
13%
Short Story 1997 Phone Calls
13%
Short Story 2001 Photos
13%
Short Story 2003 Police Rat
13%
Interview 2005 Positions Are Positions and Sex Is Sex
13%
Short Story 2001 Prefiguration of Lalo Cura
13%
Short Story Collection 2001 Putas Asesinas
13%
Interview 2002 Reading Is Always More Important than Writing
13%
Poetry Collection 1976 Reinventing Love
13%
Poem 1994 Roadster
13%
Short Story 2007 Scholars of Sodom
13%
Poem 1994 Self Portrait at Twenty Years
13%
Short Story 1997 Sensini
13%
Essay 2007 Sevilla Kills Me
13%
Short Story 1997 Snow
13%
Short Story 2007 Suntan
13%
Short Story 2007 The Colonel's Son
13%
Short Story 2007 The Days of Chaos
13%
Poem 1994 The Donkey
13%
Poem 1994 The Frozen Detectives
13%
Poem 1994 The Ghost of Edna Lieberman
13%
Short Story 1997 The Grub
13%
Interview 2003 The Last Interview / The End: Distant Star
13%
Poem 1994 The Last Love Song of Pedro J. Lastarria, Alias 'El Chorito
13%
Poem 1994 The Last Savage
13%
Poetry Collection 1995 The Last Savage
13%
Poem 2007 The Monk
13%
Poem 1994 The Outsider Ape
13%
Poem 2007 The Snow-Novel
13%
Poetry Collection 2007 The Unknown University
13%
Poem 2007 The Wigs of Barcelona
13%
Poem 1994 The Worm
13%
Poem 2007 This Is the Honest Truth
13%
Poem 1994 Twilight in Barcelona
13%
Short Story 2003 Two Catholic Tales
13%
Short Story 2001 Vagabond in France and Belgium
13%
Essay 2007 Vagaries of the Literature of Doom
13%
Short Story 1997 William Burns
13%
Poem 1994 With the Flies
13%
Poem 1994 X-Rays
13%
Short Story 2003 Alvaro Rousselot's Journey
0%
Poem 1994 Atole
0%
Short Story 2007 Colonia Lindavista
0%
Short Story 2007 Crimes
0%
Short Story 2001 Dance Card
0%
Short Story 2001 Days of 1978
0%
Poem 1994 Dirty, Poorly Dressed
0%
Poem 1994 Ernesto Cardenal and I
0%
Short Story 2017 Fatherland
0%
Poem 2007 F**king Whistler
0%
Poetry Collection 1992 Fragments from an Unknown University
0%
Short Story 2017 French Comedy of Horrors
0%
Short Story 2001 Gómez Palacio
0%
Short Story 2007 I Can't Read
0%
Poem 1994 I Dreamt of Frozen Detectives
0%
Poem 1994 In the Reading Room of Hell
0%
Short Story 2003 Jim
0%
Poem 1994 La Francesca
0%
Essay 2003 Literature + Ilness = Illness
0%
Poem 1994 Luck
0%
Short Story 2001 Mauricio ("The Eye") Silva
0%
Poem 1994 Mr. Wiltshire
0%
Short Story 2007 Muscles
0%
Poem 1994 My Life in the Tubes of Survival
0%
Poem 2007 My Poetry
0%
Poem 1994 Palingenesis
0%
Poem 1994 Parra's Footsteps
0%
Poem 2000 Prose from Autumn in Georgia
0%
Poem 1994 Rain
0%
Poem 1994 Resurrection
0%
Poem 2007 Roberto Bolaño's Devotion
0%
Interview Collection 2009 Roberto Bolaño: The Last Interview & Other Conversations
0%
Poem 1994 Soni
0%
Poem 1994 The Front Line
0%
Poem 1994 The Greek
0%
Essay 2003 The Myths of Cthulhu
0%
Poem 2000 The Neochileans
0%
Poem 1994 The Nurses
0%
Short Story 2007 The Old Man of the Mountain
0%
Short Story 2007 The Room Next Door
0%
Short Story 2007 The Tour
0%
Short Story 2007 The Trouble-Maker
0%
Poem 2007 Trees
0%
Poem 1994 Verses by Juan Ramón
0%
Poem 1994 Visit to the Convalescent
0%
Poem 2007 Work
0%
No matching quizzes found
Score Distribution
Percent of People with Each Score
Percentile by Number Answered
Your Score History
You have not taken this quiz